[Event "Mecklenburg VP-chC"]
[Site "Greifswald"]
[Date "2024.03.25"]
[Round "6"]
[White "Horn, Svenja Henrike"]
[Black "Briese, Sophie"]
[Result "1/2-1/2"]
[WhiteElo "1571"]
[BlackElo "1438"]
[PlyCount "66"]
[EventDate "2024.03.23"]
[EventType "swiss"]
[EventRounds "7"]
[EventCountry "GER"]
[SourceTitle "CB14_2024"]
[SourceDate "2024.04.01"]
[SourceVersion "1"]
[SourceVersionDate "2024.04.01"]
[SourceQuality "1"]

1. d4 d5 2. c4 e6 3. Nf3 Nf6 4. Nc3 c6 5. Bg5 Nbd7 6. cxd5 cxd5 7. e3 Qa5 8. Bd3 Bb4 9. Qd2 Ne4 10. Bxe4 dxe4 11. Ne5 Nxe5 12. dxe5 Bxc3 13. Qxc3 Qxc3+ 14. bxc3 0-0 15. Rb1 h6 16. Bh4 g5 17. Bg3 b6 18. 0-0 Bb7 19. Rfd1 Bd5 20. a3 Rac8 21. Rbc1 Rc4 22. Rd4 Rfc8 23. h4 Rxc3 24. Rxc3 Rxc3 25. a4 Ra3 26. hxg5 hxg5 27. Kh2 Kg7 28. Kh3 Bc6 29. Kg4 Rxa4 30. Rd6 Bd5 31. Kxg5 b5 32. Kh5 Rc4 33. Rd8 Bb7 1/2-1/2

[Event "Mecklenburg VP-chC"]
[Site "Greifswald"]
[Date "2024.03.24"]
[Round "3"]
[White "Briese, Sophie"]
[Black "Moeller, Peter1"]
[Result "0-1"]
[WhiteElo "1438"]
[BlackElo "1732"]
[PlyCount "150"]
[EventDate "2024.03.23"]
[EventType "swiss"]
[EventRounds "7"]
[EventCountry "GER"]
[SourceTitle "CB14_2024"]
[SourceDate "2024.04.01"]
[SourceVersion "1"]
[SourceVersionDate "2024.04.01"]
[SourceQuality "1"]

1. e4 d5 2. exd5 Qxd5 3. Nc3 Qa5 4. d4 c6 5. h3 Bf5 6. Nf3 e6 7. Bd3 Bg6 8. Bxg6 hxg6 9. Bf4 Nf6 10. Qd2 Nbd7 11. Ne4 Qxd2+ 12. Nfxd2 Bb4 13. Nxf6+ gxf6 14. c3 Be7 15. Ne4 e5 16. dxe5 fxe5 17. Bg5 f6 18. Be3 b6 19. Rd1 Rd8 20. Nd6+ Bxd6 21. Rxd6 c5 22. b4 Ke7 23. bxc5 Nxc5 24. Rxd8 Rxd8 25. Bxc5+ bxc5 26. Ke2 Ke6 27. Ke3 c4 28. g4 Rd3+ 29. Ke2 Rxc3 30. Kd2 Rd3+ 31. Ke2 Ra3 32. h4 Rxa2+ 33. Ke3 Ra3+ 34. Kd2 Rd3+ 35. Ke2 Rd7 36. h5 gxh5 37. gxh5 Kf5 38. Ke3 Kg5 39. h6 Rh7 40. Rc1 Rxh6 41. Rxc4 Rh4 42. Rc7 Ra4 43. Rg7+ Kf5 44. Kf3 Ra3+ 45. Ke2 Ra1 46. Kf3 a5 47. Ra7 Ra3+ 48. Ke2 Kf4 49. f3 a4 50. Rf7 Kf5 51. Ra7 Ra1 52. Ke3 a3 53. Kf2 a2 54. Ke2 Kf4 55. Kf2 f5 56. Ra4+ e4 57. fxe4 fxe4 58. Ke2 Ke5 59. Kd2 Kf4 60. Kc2 Rg1 61. Kb2 Rg2+ 62. Kb3 Ke3 63. Ra3 Rf2 64. Kc4+ Kf4 65. Kd4 Rd2+ 66. Kc4 e3 67. Kc3 Kf3 68. Ra6 Ke2 69. Rd6 a1Q+ 70. Kb3 Qb2+ 71. Kc4 Qc2+ 72. Kb4 Rxd6 73. Ka3 Ra6+ 74. Kb4 Rb6+ 75. Ka3 Qb3# 0-1

[Event "GER-chT U12 Girls"]
[Site "Magdeburg"]
[Date "2023.12.29"]
[Round "6.6"]
[White "Stepanova, Angelina"]
[Black "Briese, Sophie"]
[Result "0-1"]
[WhiteElo "1172"]
[BlackElo "1207"]
[PlyCount "66"]
[EventDate "2023.12.26"]
[EventType "team-swiss"]
[EventRounds "7"]
[EventCountry "GER"]
[SourceTitle "CB03_2024"]
[SourceDate "2024.01.17"]
[SourceVersion "1"]
[SourceVersionDate "2024.01.17"]
[SourceQuality "1"]
[WhiteTeam "Stuttgart Strateg"]
[BlackTeam "Torgelow Droegeheide"]
[WhiteTeamCountry "GER"]
[BlackTeamCountry "GER"]

1. d4 Nf6 2. h3 d5 3. Bf4 c5 4. e3 Nc6 5. c3 e6 6. Nf3 Bd6 7. Ne5 0-0 8. Nd2 a6 9. Ndf3 Ne4 10. Qc2 f6 11. Nxc6 bxc6 12. Bxd6 Qxd6 13. Bd3 f5 14. b3 Bb7 15. Ne5 cxd4 16. exd4 Rac8 17. f3 Ng3 18. Rh2 c5 19. Qf2 f4 20. Ng4 cxd4 21. Qxd4 Rc7 22. 0-0-0 Rfc8 23. Kb2 a5 24. Rc1 Ba6 25. Bxa6 Qxa6 26. Qxf4 Qe2+ 27. Kb1 Qd3+ 28. Kb2 Rxc3 29. Rxc3 Qxc3+ 30. Ka3 a4 31. Qxg3 Qc1+ 32. Kb4 Qc5+ 33. Kxa4 Ra8# 0-1

[Event "GER-chT U12 Girls"]
[Site "Magdeburg"]
[Date "2023.12.28"]
[Round "4.5"]
[White "Leicher, Anna"]
[Black "Briese, Sophie"]
[Result "1-0"]
[WhiteElo "1279"]
[BlackElo "1207"]
[PlyCount "88"]
[EventDate "2023.12.26"]
[EventType "team-swiss"]
[EventRounds "7"]
[EventCountry "GER"]
[SourceTitle "CB03_2024"]
[SourceDate "2024.01.17"]
[SourceVersion "1"]
[SourceVersionDate "2024.01.17"]
[SourceQuality "1"]
[WhiteTeam "Bayern Muenchen"]
[BlackTeam "Torgelow Droegeheide"]
[WhiteTeamCountry "GER"]
[BlackTeamCountry "GER"]

1. e4 e5 2. Nf3 Nc6 3. Bc4 Bc5 4. c3 d6 5. d4 Bb6 6. dxe5 dxe5 7. Qxd8+ Kxd8 8. Bxf7 Nf6 9. Bd5 Rf8 10. 0-0 Bg4 11. Bg5 h6 12. Bxf6+ Rxf6 13. Nbd2 Kd7 14. Bxc6+ Rxc6 15. Nxe5+ Ke8 16. Nxg4 Rd8 17. Nb3 h5 18. Ne5 Re6 19. Nc4 Rxe4 20. Rfe1 Rxe1+ 21. Rxe1+ Kf8 22. Nxb6 axb6 23. Nd4 Rd6 24. Re5 c5 25. Ne6+ Kg8 26. g3 Kf7 27. Nf4 g6 28. Rd5 Rxd5 29. Nxd5 b5 30. Nc7 b4 31. cxb4 cxb4 32. Nd5 Ke8 33. Nxb4 b6 34. Nd5 b5 35. Nc7+ Kd8 36. Nxb5 Kc8 37. a4 Kb8 38. b4 Kc8 39. Kg2 Kd8 40. Kf3 g5 41. h4 g4+ 42. Kf4 Ke7 43. a5 Kd7 44. a6 Kd8 1-0

[Event "GER-chT U12 Girls"]
[Site "Magdeburg"]
[Date "2023.12.27"]
[Round "1.10"]
[White "Briese, Sophie"]
[Black "Kuhlmann, Naya"]
[Result "1-0"]
[WhiteElo "1207"]
[BlackElo "1005"]
[PlyCount "79"]
[EventDate "2023.12.26"]
[EventType "team-swiss"]
[EventRounds "7"]
[EventCountry "GER"]
[SourceTitle "CB03_2024"]
[SourceDate "2024.01.17"]
[SourceVersion "1"]
[SourceVersionDate "2024.01.17"]
[SourceQuality "1"]
[WhiteTeam "Torgelow Droegeheide"]
[BlackTeam "Graefenhainichen"]
[WhiteTeamCountry "GER"]
[BlackTeamCountry "GER"]

1. e4 e5 2. Nf3 Nc6 3. Bc4 Bc5 4. c3 Nf6 5. d4 exd4 6. e5 Ng8 7. cxd4 Bb6 8. Nc3 Nge7 9. 0-0 0-0 10. Qd3 d6 11. exd6 cxd6 12. Ng5 Bf5 13. Qd1 d5 14. Bd3 Nxd4 15. Bxf5 Ndxf5 16. Qd3 f6 17. Ne6 Qd6 18. Nxf8 Rxf8 19. Re1 Bc7 20. g3 Bb6 21. Bf4 Qc5 22. Re2 Nd4 23. Rd2 Nef5 24. Na4 Qb4 25. Nxb6 Qxb6 26. g4 Nh4 27. Kh1 Nhf3 28. Rdd1 Qe6 29. h3 f5 30. Qe3 Qf6 31. g5 Qg6 32. Rxd4 Qh5 33. Bh2 Qxh3 34. Qf4 Re8 35. Rdd1 Re4 36. Qg3 Qh5 37. Rxd5 Rh4 38. Qb8+ Kf7 39. Rd7+ Ke6 40. Qd6# 1-0

[Event "GER-chT Lands U20"]
[Site "Hannover"]
[Date "2023.10.01"]
[Round "1"]
[White "Rafikova, Ailin"]
[Black "Briese, Sophie"]
[Result "1-0"]
[WhiteElo "1293"]
[BlackElo "1240"]
[PlyCount "119"]
[EventDate "2023.10.01"]
[EventType "team-swiss"]
[EventRounds "7"]
[EventCountry "GER"]
[SourceTitle "EXT 2024"]
[Source "ChessBase"]
[SourceDate "2023.10.10"]
[SourceVersion "1"]
[SourceVersionDate "2023.10.10"]
[SourceQuality "1"]

1. e4 c5 2. Nc3 e6 3. g3 d5 4. exd5 exd5 5. d4 Be6 6. Be3 b6 7. Bg2 Nc6 8. dxc5 bxc5 9. Nxd5 Rc8 10. Ne2 Bxd5 11. Qxd5 Qxd5 12. Bxd5 Nf6 13. Bb3 Be7 14. 0-0 0-0 15. Rfd1 Ne5 16. a3 Nf3+ 17. Kg2 Ne5 18. Nc3 Neg4 19. Bf4 c4 20. Ba2 Bc5 21. Rd2 Bb6 22. h3 Nxf2 23. Rxf2 Bxf2 24. Kxf2 Rfe8 25. Rd1 Ne4+ 26. Kf3 Nxc3 27. bxc3 Rc6 28. Rd7 a6 29. Be5 h6 30. Bd4 Rb8 31. Ra7 Rb2 32. Bxc4 Rxc4 33. Rxa6 Rc8 34. Ke3 Rxc2 35. h4 Re8+ 36. Kd3 Rg2 37. a4 Rxg3+ 38. Kc4 Rc8+ 39. Kb5 Rg6 40. a5 Rb8+ 41. Rb6 Rgxb6+ 42. axb6 Kf8 43. Be5 Re8 44. Bd6+ Kg8 45. b7 f5 46. b8Q Rxb8+ 47. Bxb8 g5 48. hxg5 hxg5 49. c4 f4 50. c5 f3 51. Bg3 Kf8 52. c6 Ke8 53. Kb6 Kd8 54. Kb7 Ke7 55. c7 Ke6 56. c8Q+ Kf6 57. Qf8+ Kg6 58. Qxf3 Kh6 59. Bf4 gxf4 60. Qxf4+ 1-0